Statistics for Simple history knowledge #1

Click here to take the quiz!

General Stats

  • This quiz has been taken 98 times
    (12 since last reset)
  • The average score is 7 of 15

Answer Stats

HintAnswer% Correct
Military general who became revolutionary emperor of France during the French RevolutionNapoleon Bonaparte
92%
Year in which Hitler invaded the Soviet Union1941
75%
The first man in spaceYuri Gagarin
75%
Former name of IstanbulConstantinople
67%
Consul of the Roman Empire who conquered GaulJulius Caesar
67%
Country in Oceania originally used as a penal colony by the BritishAustralia
50%
Islamic religious warJihad
50%
Communist leader of China who enacted the Great Leap ForwardMao Zedong
50%
Canal that connects the Mediterranean and Red SeaSuez Canal
50%
The most common nickname of the American flagStars and stripes
42%
Term for describing a period of intense anti-communist suspicion from the 1940s - 1950s named after a US Wisconsin senatorMcCarthy Era
33%
First president of the Russian Republic after the Cold WarBoris Yeltsin
17%
Germanic tribes who migrated to England in the 5th centurySaxons
8%
Alliance between Russia, France and Great Britain during World War ITriple Entente
8%
Trade league in the Baltic and North sea during the medieval ages and renaissanceHanseatic League
0%

Score Distribution

Percentile by Number Answered

Percent of People with Each Score

Your Score History

You have not taken this quiz since the last reset